Cultura general #12 - Estadísticas

Estadísticas generales
  • Esta prueba ha sido intentada 4.935 veces
    4.399 desde el último reinicio
  • La puntuación promedio es 8 de 20
Estadísticas de respuestas
Pregunta Respuesta % Correcto
¿Qué significan las letras P. D. significa al final de una carta? Posdata
81%
¿Cuál es el nombre completo de la abreviatura Bea? Beatriz
73%
¿Qué ciudad importante en Japón tiene un nombre que comienza con O? Osaka
71%
¿Qué dios griego tiene un hijo llamado Tritón? Poseidón
71%
¿Quién vivía en Camelot? Rey Arturo
67%
¿Cuál era el antiguo nombre de Estambul? Constantinopla
57%
¿Que personaje titular reúne Calisto y Melibea? Celestina
48%
¿Qué gran guerra se libró en los años 1950-1953? Guerra de Corea
42%
¿En qué país se originó la sauna? Finlandia
40%
¿Quién supuestamente dijo "déjalos que coman pastel"? María Antonieta
35%
Un cubo mide 5 metros por arista. ¿Cuál es su área de superficie? 150 metros cuadrados
33%
¿Qué río tiene seis áreas poco profundas conocidas como "cataratas"? Río Nilo
31%
¿Quién compuso "Cabalgata de las valquirias"? Richard Wagner
26%
¿Y cómo se llamaba antes de eso? Bizancio
23%
¿Qué supuestamente inventó Satoshi Nakamoto en 2008 y originalmente negociado por menos de 1 centavo? Bitcoin
22%
¿Quién interpretó a Frodo en la trilogía de películas "El Señor de los Anillos"? Elijah Wood
19%
¿Qué estado de EE. UU. está geográficamente más cerca de África? Maine
15%
¿Cuál es la capital de Antioquia? Medellín
14%
En 1989, el ayatolá Jomeiní emitió una fatwa pidiendo la muerte de ¿qué famoso escritor? Salman Rushdie
8%
Nació con el nombre de Steven Demetre Georgio y ahora se llama Yusuf Islam. ¿Con qué otro nombre se le conocía? Cat Stevens
7%
No se encontraron pruebas coincidentes
Distribución de puntuación
Porcentaje de gente con cada puntuación
Porcentaje por número respondido
Historial de tus puntuaciones
No has intentado esta prueba desde el último reinicio